Countries And Capitals Of Africa That Contain 7 Letters - Statistics

General Stats
  • This quiz has been taken 62 times
  • The average score is 15 of 20
Answer Stats
Hint Answer % Correct
Country Algeria
95%
Country Nigeria
90%
Country Morocco
86%
Country Eritrea
83%
Country Liberia
83%
Country Namibia
83%
Capital Nairobi
81%
Country Senegal
79%
Country Tunisia
79%
Country Burundi
76%
Country Comoros
76%
Country Somalia
76%
Country Lesotho
69%
Capital Mbabane
64%
Capital Tripoli
64%
Capital Algiers
62%
Capital Conakry
62%
Capital Kampala
57%
Capital Sao Tome
57%
Capital Yaounde
52%
No matching quizzes found
Score Distribution
Percent of People with Each Score
Percentile by Number Answered
Your Score History
You have not taken this quiz